Score 0/20 Timer 05:00
0 Plays Today
Number of mentions Character % Correct
176Shae
98.2%
30Alayaya
72.5%
33Chataya
68.5%
82Satin
45.7%
434Varys
36.9%
10The Sailor's Wife
26.2%
11Marei
26.2%
5Bella
24.7%
9Bellegere Otherys
23.8%
11Lanna
18.9%
Number of mentions Character % Correct
14Dancy
15.6%
20Widow of the Waterfront
9.2%
7Yna
8.9%
18Meralyn 'Merry'
7.6%
6Zei
7.2%
4The Drunken Daughter
6%
4The Moonshadow
5.8%
5The Nightingale
5.2%
4S'vrone
4.9%
5Hildy
3.7%
Remove Ads.
Support Sporcle.
Get the best of Sporcle when you Go Orange. This ad-free experience offers more features, more stats, and more fun while also helping to support Sporcle. Thank you for becoming a member.

You're not logged in!

Compare scores with friends on all Sporcle quizzes.
OR
Log In

Show Comments

Extras

Top Quizzes Today


Score Distribution

Your Account Isn't Verified!

In order to create a playlist on Sporcle, you need to verify the email address you used during registration. Go to your Sporcle Settings to finish the process.

Report this User

Report this user for behavior that violates our Community Guidelines.

Details: